000 00798nam a2200193Ia 4500
008 0000002007 pr a 0000000000spa00
090 _aPPR00 R83n1
100 1 _aRuiz, Noemi
_d1931
245 1 0 _aNoemí Ruiz y su espacio en el tiempo
300 _a[10] p.
_c/ 28 cm.
500 _aExposición realizada en el Museo de Arte Contemporáneo de Puerto Rico, Marzo 9 Junio 3, 2007 \ Con el patronazgo del maestro venezolano Jesús Rafael Soto (q.e.p.d.)
600 0 0 _aRUIZ, NOEMI, 1931/
_xTRABAJOS PICTORICOS
650 1 4 _aARTE CONTEMPORANEO PUERTORRIQUEÑO
650 1 4 _xCATALOGOS
650 1 4 _xEXPOSICIONES
650 1 4 _aPINTORES PUERTORRIQUEÑOS
650 1 4 _aPINTURA PUERTORRIQUEÑA
999 _c6153
_d6153
260 _aSan Juan (Puerto Rico) : Museo de Arte Contemporáneo de Puerto Rico
_c2007